Breakfast Club Cast Quiz Stats

 Plays Quiz not verified by Sporcle

Challenge
Share
Tweet
Score 0/5 Timer 01:00
0 Plays Today
% Correct
Emilio Estevez
95.7%
Molly Ringwald
93.5%
Anthony Michael Hall
93.5%
Judd Nelson
89.1%
Ally Sheedy
84.8%

You're not logged in!

Compare scores with friends on all Sporcle quizzes.
Join for Free
OR
Log In

You Might Also Like...

Show Comments

Extras

Top Quizzes Today


Score Distribution

Your Account Isn't Verified!

In order to create a playlist on Sporcle, you need to verify the email address you used during registration. Go to your Sporcle Settings to finish the process.

Report this User

Report this user for behavior that violates our Community Guidelines.

Details: